| 000 | 00755cam a2200241 a 4500 | ||
|---|---|---|---|
| 001 | 1595395 | ||
| 005 | 20171214071826.0 | ||
| 008 | 940214s1994 nyua b 001 0 eng | ||
| 010 | _a 94004734 | ||
| 020 |
_a0671794248 : _c$23.00 ($29.50 Can.) |
||
| 040 |
_aDLC _cDLC _dDLC |
||
| 041 | _aeng | ||
| 043 | _an-us--- | ||
| 080 | _a305.420973 | ||
| 082 | 0 | 0 |
_a305.420973 _220 |
| 100 | 1 | _a19 | |
| 101 | _aHIS | ||
| 245 | 1 | 0 |
_aWho stole feminism? : _cChristina Hoff Sommers. |
| 504 | _aIncludes bibliographical references and index. | ||
| 906 |
_a7 _bcbc _corignew _d1 _eocip _f19 _gy-gencatlg |
||
| 942 |
_2ddc _cBK |
||
| 999 |
_c38930 _d38930 |
||